00290nam a2200097Ia 4500008004000000082001700040100002900057245005100086260004300137300001200180210210b1963 xxu||||| |||| 00| 0 eng d a373.126 ARAS aARASARKADAVIL (Denis J). aSecondary school leaving examination in India. aBombay.bAsia Publishing House.,c1963 axix,203